|
|
|
|
| LEADER |
00000cas a2200000 a 4500 |
| 001 |
vtls010298231 |
| 003 |
SK-MaSNL |
| 005 |
20260425194238.0 |
| 008 |
110809d19251927xo wr|p 0 b0slo |
| 040 |
|
|
|a SNK
|b slo
|c SNK
|e AACR2
|
| 041 |
0 |
|
|a slo
|
| 044 |
|
|
|a xo
|c SK
|
| 072 |
|
7 |
|a 37
|x Výchova a vzdelávanie
|2 konspekt
|
| 080 |
|
|
|a 37.011
|2 2011
|
| 080 |
|
|
|a 316.7
|2 2001
|
| 245 |
0 |
0 |
|a Národná obrana
|b národný, ľudovýchovný, vzdelávací a obrázkový časopis horského (horaľského) ľudu
|
| 260 |
|
|
|a Spišská Stará Ves
|b Literárna družina O. H. Ľ.
|c 1925
|f Tlač.: A. Kóscha, Prešov
|
| 260 |
3 |
|
|3 8/1925-1927
|a Košice
|b Š. L. K. a Lid, družina "N. O."
|f Slovákia, Černý a spol., Košice
|
| 300 |
|
|
|a 2 zv.
|c 32-24 cm
|
| 310 |
|
|
|a 1x týždenne
|
| 362 |
0 |
|
|a Roč. 3, č. 1 (30. jan. 1925) - č. 11 (1925) ; roč. 4, č. 1 (1. apr. 1927) - č. 6 (1927)
|
| 500 |
|
|
|a Zmena podnázvu: od č. 8 (28. sept. 1925) národný, ľudovýchovný, vzdelávací a obrázkový časopis karpatského a goralského ľudu ; od č. 10 (12. okt. 1925) národný, ľudovýchovný, vzdelávací a obrázkový časopis goraľského a rusínskeho ľudu ; od č. 1 (15. febr. 1927) národný, ľudovýchovný a vzdelávajúci týždenník venovaný severným krajom Slovenska, záujmom slovenského goralského a rusinského ľudu
|
| 500 |
|
|
|a Zodpovedný redaktor: Štefan Leonard Kostelničák
|
| 500 |
|
|
|a V roku 1927 sa zmenil formát dokumentu
|
| 650 |
0 |
7 |
|a osveta
|2 SNKPH
|9 16992
|
| 650 |
0 |
7 |
|a vzdelávanie
|2 SNKPH
|9 4033
|
| 655 |
|
7 |
|a periodiká
|2 SNKPH
|9 271880
|
| 700 |
1 |
|
|a Kostelničák, Štefan Leonard,
|d 1900-1949
|4 pbd
|9 9759
|
| 780 |
0 |
0 |
|t Naša Magura
|w vtls010298252
|
| 910 |
|
|
|a snk
|
| 916 |
|
|
|a 1925, 1927
|
| 999 |
|
|
|c 8230
|d 10160
|
| 952 |
|
|
|t č. 1-11, neúplné
|a SNK
|b SNK
|y PREZ
|7 0
|p 17A0698693
|o snkČSB 1740/3/1925 D1
|i snkF 900/80
|8 5
|z Chýba č. 1-2, 7
|0 0
|1 0
|4 0
|d 2011-07-07
|l 0
|r 2026-02-21 20:06:46
|w 2026-02-21
|
| 952 |
|
|
|t č. 1-11
|a SNK
|b SNK
|y PREZ
|7 0
|p 17A0402778
|o snkČSB 1740/3/1925
|i snkF 2212/68
|8 5
|z Č. 1-2/1925 a č. 7/1925 sú voľne vložené
|f 1
|0 0
|1 0
|4 0
|d 2003-11-10
|l 0
|r 2005-01-02 00:00:00
|w 2026-02-21
|
| 952 |
|
|
|t č. 1-6
|a SNK
|b SNK
|y PREZ
|7 0
|p 17A0339712
|o snkČSB 1740/4/1927
|i snkF 899/80
|8 5
|f 1
|0 0
|1 0
|4 0
|d 2002-04-11
|l 0
|r 2005-01-02 00:00:00
|w 2026-02-21
|